000
00346pam a2200121 a 4500
020
_c
041
_a
eng
100
_a
वसंत गुप्ते.
245
_a
ऑस्कर वाइल्डच्या वूमा
_h
Textual Documents
260
_a
[s.l]:
_b
अपर्णा प्रकाशन
300
_a
129p.
930
_a
15569
999
_c
92469
_d
92469